The Samaveda of Devi Chand (Record no. 215149)
[ view plain ]
| 000 -LEADER | |
|---|---|
| fixed length control field | 00568nam a22001697a 4500 |
| 005 - DATE AND TIME OF LATEST TRANSACTION | |
| control field | 20260301162959.0 |
| 010 ## - LCCN (DPL NO) | |
| LC control number | BACEN26 |
| 020 ## - INTERNATIONAL STANDARD BOOK NUMBER | |
| International Standard Book Number | 9789359445885 |
| Terms of availability | 1395.00 |
| 037 ## - SOURCE OF ACQUISITION | |
| Source of stock number/acquisition | Dev Publishers & Distributors |
| 082 ## - DEWEY DECIMAL CLASSIFICATION NUMBER | |
| Classification number | 220.21 |
| 245 ## - TITLE STATEMENT | |
| Title | The Samaveda of Devi Chand |
| Statement of responsibility, etc | Edited by Pushpa Gupta |
| 250 ## - EDITION STATEMENT | |
| Edition statement | 1 |
| 260 ## - PUBLICATION, DISTRIBUTION, ETC. (IMPRINT) | |
| Place of publication, distribution, etc | New Delhi |
| Name of publisher, distributor, etc | Dev Publishers & Distributors |
| Date of publication, distribution, etc | 2024 |
| 270 ## - ADDRESS | |
| Address | Second Floor, Prakash Deep 22, Delhi Medical Association Road, Darya Ganj |
| City | New Delhi |
| Postal code | 110002 |
| 300 ## - PHYSICAL DESCRIPTION | |
| Extent | 245p. |
| Dimensions | 24cm(Hb) |
| 942 ## - ADDED ENTRY ELEMENTS (KOHA) | |
| Source of classification or shelving scheme | Dewey Decimal Classification |
| Item type | English Books |
| Call number suffix | MIS |
| Classification part | 220.21 |
No items available.
